| 000 | 00533cam a22001337a 4500 | ||
|---|---|---|---|
| 008 | 180718b1990 xxu||||| |||| 00| 0 eng d | ||
| 082 | _aU6x54 St24r | ||
| 245 |
_aReports/recommendations of various committees on public enterprises _cby Standing Conference of Public Enterprises, New Delhi |
||
| 260 |
_aDelhi _bStanding Conference of Public Enterprises _c1990 |
||
| 300 | _a875p. | ||
| 650 | _aBoards and commissions - India | ||
| 650 | _aGovernment enterprise - India | ||
| 700 | _aStanding Conference of Public Enterprises, New Delhi | ||
| 999 |
_c354865 _d354865 |
||